Strategia zaščity okružajuščej sredy ot zagrjaznenij.

Uložené v:
Podrobná bibliografia
Hlavní autori: BERTHOUEX, P. (Author), RUDD, D.F (Author)
Médium: Kniha
Jazyk:Russian
Vydané: 1980
Tagy: Pridať tag
Žiadne tagy, Buďte prvý kto otaguje tento záznam!

MARC

LEADER 00000nam a2200000 a 4500
001 000160430
005 00000000000000.0
008 040101s1980 e ruso
041 0 |a rus 
100 1 |a BERTHOUEX, P.  |4 aut 
245 1 0 |a Strategia zaščity okružajuščej sredy ot zagrjaznenij. 
260 |c 1980 
500 |a Záznam neprešiel kontrolou 
700 1 |a RUDD, D.F.  |4 aut 
910 |a svkkk 
998 |a BK 
090 |g SCKHL  |k Sklad Pribinova 2. posch.  |a III.118852  |j 634053  |i 160430-10  |4 Zastaraná  |s Vyradená